000 00433cam a2200169ua 4500
020 _c1.50
041 _amal
_h
082 _a894.8124
_bSUR/KA
100 _aSurendran, K .
245 _aKalayum samanyajanangalum /
_cK Surendran.
_hTextual Documents
260 _aKottayam :
_bSahitya Pravarthaka Co-operative Society ,
_c1964.
300 _a107 ; .
365 _a1.50
504 _a
942 _cBK
999 _c5934
_d5934